000 00757nam a22001937a 4500
003 0
005 20250205141028.0
008 250205b xxu||||| |||| 00| 0 eng d
050 _aTK 5105.888
_b.R36 2024
100 _aRamos, Richard John M.
245 _aSpringville heights subdivision complaints and solution system.
_cRichard John M. Ramos
260 _aLas Pinas City
_bSouthville International School and Colleges
_c2024
300 _axiii,166 pages:
_bcolored illustrations;
_c28cm.
500 _aBachelor of Science in Information Technology.
504 _aIncludes bibliographical references and appendices.
650 _aComplaint Management Systems, Subdivisions for.
650 _aHousing -- Residential Complaint Systems.
942 _2lcc
_cTH
999 _c367137
_d367137